[Event "34th Chess Olympiad (men)"]
[Site "Istanbul"]
[Date "2000.11.06"]
[Round "9.63.1"]
[White "Roselli, Mailhe Bernardo"]
[Black "Berlinsky, Vladimir"]
[WhiteElo "2400"]
[BlackElo "2352"]
[WhiteCountry "URU"]
[BlackCountry "IBSA"]
[Result "0-1"]

1. e4 e6 2. d4 d5 3. Nc3 Nf6 4. Bg5 dxe4 5. Nxe4 Be7 6. Bxf6 Bxf6 7. Nf3 O-O 
8. Qd2 b6 9. O-O-O Bb7 10. Qf4 Nd7 11. Bd3 Be7 12. h4 Qb8 13. Ne5 c5 
14. Qg3 Nxe5 15. dxe5 c4 16. Bxc4 Bxe4 17. Rd4 Qb7 18. f3 Bf5 19. Qe1 b5 
20. Bb3 Bc5 21. Rd1 a5 22. g4 a4 23. Bd5 exd5 24. gxf5 d4 25. Qg3 f6 
26. exf6 Rxf6 27. Qe5 Qc6 28. Rhe1 Raf8 29. Qe4 Qd7 30. c3 Rxf5 31. cxd4 Rf4 
32. Qc2 Bxd4 33. Kb1 Qc8 34. Qd2 Rxh4 35. Re4 Rxe4 36. fxe4 Rd8 37. Qb4 Qc4 
38. Qe1 b4 39. e5 b3 40. axb3 axb3 41. Qe4 Qa4 
0-1

[Event "34th Chess Olympiad (men)"]
[Site "Istanbul"]
[Date "2000.11.06"]
[Round "9.63.2"]
[White "Dukaczewski, Piotr"]
[Black "Granara, Barreto Sebastian A"]
[WhiteElo "2292"]
[BlackElo "2095"]
[WhiteCountry "IBSA"]
[BlackCountry "URU"]
[Result "1/2-1/2"]

1. e4 c5 2. Nf3 d6 3. d4 cxd4 4. Nxd4 Nf6 5. f3 g6 6. c4 Bg7 7. Be3 O-O 
8. Qd2 Nc6 9. Nc3 Nxd4 10. Bxd4 Be6 11. Be2 a6 12. O-O Rc8 13. b3 Qa5 
14. Rfd1 Rfe8 15. Qb2 Qh5 16. Nd5 Bxd5 17. cxd5 Qh6 18. g3 Rc7 19. Rac1 Rec8 
20. Rxc7 Rxc7 21. Qb1 Ng4 22. fxg4 Bxd4+ 23. Kg2 Qe3 24. Qd3 Qf2+ 25. Kh3 h6 
26. Rf1 Qe3 27. Qxe3 Bxe3 28. Bc4 b5 29. Bd3 Rc3 30. Rd1 Kg7 31. Kg2 Rc1 
32. Rxc1 Bxc1 33. a4 bxa4 34. bxa4 a5 35. Bb5 Kf6 36. Be8 e6 37. Kf3 Ke7 
38. Bb5 Kf6 39. h4 g5 40. Be8 Ke7 41. Bb5 
1/2-1/2

[Event "34th Chess Olympiad (men)"]
[Site "Istanbul"]
[Date "2000.11.06"]
[Round "9.63.3"]
[White "Cukerman, Diego"]
[Black "Wassin, Sergey"]
[WhiteElo "2000"]
[BlackElo "2305"]
[WhiteCountry "URU"]
[BlackCountry "IBSA"]
[Result "1/2-1/2"]

1. e4 c5 2. Nc3 Nc6 3. g3 g6 4. Bg2 Bg7 5. d3 d6 6. Be3 Rb8 7. f4 e6 8. Nf3 Nd4 
9. e5 Nxf3+ 10. Qxf3 b6 11. O-O Bb7 12. Ne4 Bxe4 13. dxe4 dxe5 14. f5 Qe7 
15. fxe6 Qxe6 16. Bh3 Qe7 17. Rad1 Rb7 18. Qe2 h5 19. Rd5 Nh6 20. Qb5+ Kf8 
21. Rfd1 Kg8 22. Rd7 Rxd7 23. Rxd7 Qf6 24. Qc4 Qf3 25. Bg5 Ng4 26. Bxg4 hxg4 
27. Bf4 Kh7 28. Qxf7 Rg8 29. Bxe5 Qe3+ 30. Qf2 Qxe4 31. Bc3 a5 32. Qd2 Qf5 
33. a4 g5 34. Qd6 Qxc2 35. Qxb6 Qb1+ 36. Kg2 Qe4+ 37. Kg1 Qb1+ 38. Kg2 Qe4+ 
39. Kg1 
1/2-1/2

[Event "34th Chess Olympiad (men)"]
[Site "Istanbul"]
[Date "2000.11.06"]
[Round "9.63.4"]
[White "Enjuto Velasco, Roberto"]
[Black "Muniz, Rafael"]
[WhiteElo "2172"]
[BlackElo "2131"]
[WhiteCountry "IBSA"]
[BlackCountry "URU"]
[Result "1-0"]

1. e4 c5 2. Nf3 e6 3. d4 cxd4 4. Nxd4 Nf6 5. Nc3 Nc6 6. Ndb5 d6 7. Bf4 e5 
8. Bg5 a6 9. Na3 b5 10. Bxf6 gxf6 11. Nd5 Bg7 12. c3 f5 13. exf5 Bxf5 
14. Nc2 O-O 15. Nce3 Be6 16. Bd3 f5 17. Qh5 e4 18. Bc2 Ne7 19. Rd1 Ng6 
20. g4 f4 21. Nf5 Bxf5 22. gxf5 Qh4 23. Ne7+ Qxe7 24. fxg6 h6 25. Qd5+ Kh8 
26. Qxe4 Qh4 27. O-O Rae8 28. Qf3 Re5 29. h3 Rg5+ 30. Kh1 d5 31. Rg1 Rh5 
32. Kh2 a5 33. Rg4 Qe7 34. Kg2 Qd6 35. Rd2 b4 36. cxb4 axb4 37. Kh1 Qe5 
38. Re2 Rxh3+ 39. Qxh3 Qxe2 40. Bb3 Qe1+ 41. Rg1 Qe5 42. Qf3 d4 43. Rd1 Qf6 
44. Bf7 Rd8 45. b3 Rc8 46. Re1 Bf8 47. Kg1 Kg7 48. Bc4 Rc6 49. Kf1 Be7 
50. Rxe7+ 
1-0